书目信息 |
| 题名: |
黄半仙
|
|
| 作者: | ;宝文堂书店 编 | |
| 分册: | ||
| 出版信息: | 北京 宝文堂书店 1980.12 |
|
| 页数: | 25页 | |
| 开本: | 19cm | |
| 丛书名: | ||
| 单 册: | ||
| 中图分类: | I239.7 | |
| 科图分类: | ||
| 主题词: | 戏剧文学--剧本--中国 | |
| 电子资源: | ||
| ISBN: | ||
| 000 | 00548nam0 2200205 45 | |
| 001 | 0205261445 | |
| 005 | 20031219104110.2 | |
| 010 | @dCNY0.09 | |
| 091 | @a8070.31 | |
| 100 | @a20020526d1980 km y0chiy0120 ea | |
| 101 | 0 | @achi |
| 105 | @a z 000gy | |
| 200 | 1 | @a黄半仙@AHuang Ban Xian@f本社编@FBen She Bian |
| 210 | @a北京@c宝文堂书店@d1980.12 | |
| 215 | @a25页@d19cm | |
| 606 | 0 | @a戏剧文学@x剧本@x中国 |
| 690 | @aI239.7@v3 | |
| 711 | 02 | @a宝文堂书店@ABao Wen Tang Shu Dian@4编 |
| 801 | @aCN@bTSTC@c20020526 | |
| 905 | @f1@b39756@dI239.7@e10 | |
| 黄半仙/本社编.-北京:宝文堂书店,1980.12 |
| 25页;19cm |
| ISBN :CNY0.09 |
| ● |
| 相关链接 |
|
|
|
|
正题名:黄半仙
索取号:I239.7/10
 
预约/预借
| 序号 | 登录号 | 条形码 | 馆藏地/架位号 | 状态 | 备注 |
| 1 | 0039756 | 001794295 | 密集书库/ [索取号:I239.7/10] | 在馆 | |
| 2 | 0039758 | 000960268 | 第一样本阅览室/ [索取号:I239.7/10] | 在馆 |